| 000 | 02012cam a22004094a 4500 | ||
|---|---|---|---|
| 001 | 15324739 | ||
| 005 | 20090113193240.0 | ||
| 007 | co ugu|||||||| | ||
| 008 | 080607s2009 paua b 001 0 eng | ||
| 010 | _a2008025030 | ||
| 016 | 7 |
_a101475988 _2DNLM |
|
| 020 | _a9780781780551 (hdbk. : alk. paper) | ||
| 020 | _a0781780551 (hdbk. : alk. paper) | ||
| 035 | _a(OCoLC)191807917 | ||
| 040 |
_aDNLM/DLC _cDLC _dNLM _dBTCTA _dBAKER _dYDXCP _dC#P _dDLC |
||
| 042 | _apcc | ||
| 050 | 0 | 0 |
_aRG951 _b.R538 2009 |
| 060 | 0 | 0 | _a2008 L-993 |
| 060 | 1 | 0 |
_aWY 157.3 _bR4912m 2009 |
| 082 | 0 | 0 |
_a618.9200231 _222 _bRIC |
| 100 | 1 |
_aRicci, Susan Scott. _919963 |
|
| 245 | 1 | 0 |
_aMaternity and Pediatric Nursing / _cSusan Scott Ricci, Terri Kyle. |
| 260 |
_aPhiladelphia : _bWolters Kluwer Health/Lippincott Williams & Wilkins, _cc2009. |
||
| 300 |
_axlii, 1902 p. : _bill. (chiefly col.) ; _c29 cm. + _e1 CD-ROM (4 3/4 in.) |
||
| 504 | _aIncludes bibliographical references and index. | ||
| 650 | 0 |
_aMaternity nursing _vTextbooks. _919964 |
|
| 650 | 0 |
_aPediatric nursing _vTextbooks. _919965 |
|
| 650 | 1 | 2 |
_aMaternal-Child Nursing. _919966 |
| 650 | 2 | 2 |
_aPediatric Nursing. _919967 |
| 650 | 2 | 2 |
_aWomen's Health. _919968 |
| 700 | 1 |
_aKyle, Terri. _919969 |
|
| 942 |
_2ddc _cNRB |
||
| 999 |
_c10906 _d10906 |
||